Vaříme s bylinkami /

Hlavní autor: McVicar, Jekka
Jazyk: Čeština
Vydáno: Praha : Ikar, 2011
Vydání: Vyd. 1.
Témata:
Fyzický popis: 351 s. : barev. il. ; 26 cm
Knihy
Uloženo v:
LEADER 01766nam a2200541 a 4500
001 nkc20112175169
003 CZ PrNK
005 20110426152114.0
007 ta
008 110315s2011 xr a e f 001 0 cze
015 |a cnb002175169 
020 |a 978-80-249-1501-2  |q (váz.) 
035 |a (OCoLC)724299213 
040 |a OLA001  |b cze 
041 1 |a cze  |h eng 
072 7 |a 641  |x Kuchařství. Potraviny. Vařená jídla  |2 Konspekt  |9 19 
080 |a 633.81/.82  |2 MRF 
080 |a 633.83/.84  |2 MRF 
080 |a 641.885  |2 MRF 
080 |a 641.55  |2 MRF 
080 |a (035)  |2 MRF 
080 |a (083.12)  |2 MRF 
100 1 |a McVicar, Jekka  |7 xx0024408  |4 aut 
245 1 0 |a Vaříme s bylinkami /  |c Jekka McVicarová ; [z anglického originálu ... přeložila Blanka Brabcová] 
250 |a Vyd. 1. 
260 |a Praha :  |b Ikar,  |c 2011 
300 |a 351 s. :  |b barev. il. ;  |c 26 cm 
500 |a Terminologický slovník 
500 |a Obsahuje rejstřík 
650 0 7 |a aromatické rostliny  |7 ph114082  |2 czenas 
650 0 7 |a kořeninové rostliny  |7 ph115001  |2 czenas 
650 0 7 |a koření  |7 ph115004  |2 czenas 
650 0 7 |a jídla  |7 ph114847  |2 czenas 
650 0 9 |a aromatic plants  |2 eczenas 
650 0 9 |a spice plants  |2 eczenas 
650 0 9 |a spices  |2 eczenas 
650 0 9 |a meals  |2 eczenas 
655 7 |a příručky  |7 fd133209  |2 czenas 
655 7 |a kuchařské recepty  |7 fd132687  |2 czenas 
655 9 |a handbooks and manuals  |2 eczenas 
655 9 |a cookbooks  |2 eczenas 
765 0 |t Jekka's herb cookbook  |9 Česky 
910 2 |a BOA001  |b 3-1265.051 
928 9 |a Euromedia Group - Ikar 
990 |a BK 
995 |a 01 
991 |b 201104  |c NOV  |e n  |j 633.8 MCV 
996 6 |b 2610473975  |c 3-1265.051  |l MZK  |r Sklad / do 1 hodiny  |n 1  |p p.v.  |w 001173896  |u 000010  |a 1  |e BOA001  |j MZK50  |s P